|
|
|
|
| LEADER |
00965nam a2200265 a 4500 |
| 001 |
11916502 |
| 008 |
090512s2008 maua b 001 0 eng d |
| 010 |
|
|
|a 00025305
|
| 020 |
|
|
|a 978007126378
|
| 020 |
|
|
|a 0071263780
|
| 040 |
|
|
|a DLC
|c DLC
|d DLC
|
| 082 |
0 |
0 |
|a 621.382
|2 21
|
| 100 |
1 |
|
|a Proakis, John G.
|
| 245 |
1 |
0 |
|a Digital communications /
|c John G. Proakis and Masoud Salehi.
|
| 250 |
|
|
|a 5th ed.
|
| 260 |
|
|
|a Boston :
|b McGraw-Hill,
|c 2008.
|
| 300 |
|
|
|a xvi, 1150 p. :
|b ill. ;
|c 24 cm.
|
| 490 |
1 |
|
|a McGraw-Hill series in electrical and computer engineering
|
| 504 |
|
|
|a Includes bibliographical references (p. 963-992) and index.
|
| 541 |
1 |
|
|e 00018186
|
| 650 |
|
0 |
|a Digital communications.
|
| 700 |
1 |
|
|a Salehi,Masoud.
|
| 852 |
4 |
|
|a <add your library>
|j <shelf mark>
|
| 999 |
|
|
|c 633
|d 633
|
| 952 |
|
|
|0 0
|1 0
|2 ddc
|4 0
|6 621_382000000000000_PRO_2008
|7 0
|9 581
|a BRACUL
|b BRACUL
|c GEN
|d 2009-05-12
|l 4
|m 26
|o 621.382 PRO
|p 3010018186
|r 2016-08-08
|s 2016-05-08
|t 1
|w 2009-05-12
|y BK
|